000 00828nam a22002177a 4500
008 081216t xxu||||| |||| 00| 0 eng d
010 _aENG-140927
020 _c795.00
_a9788126920396
035 _aEN-124459
037 _aDBAD
040 _adpl
_bEnglish
050 _a880.08
082 _a880.08
245 _aRabindranath Tagore on Literature:
_bTranslation of Tagore' Essay on the Aesthetics of Literature/
_cTranslated by Mohit K. Ray [and] Rama Kundu
260 _aNew Delhi
_bAtlantic Publishers & Distributors
_c2015
270 _a7/22, Ansari Road, Darya Ganj
_bNew Delhi
_e110002
_k+91-11-232885873
_morders@atlantic.com
300 _axxii, 262p.
_c22cm(Hb)
700 _aRay , Mohit K.
_eTranslated
_968764
700 _aKundu, Rama
_eTranslated
_968765
942 _2ddc
_cEN
_mRAB
_h880.08
999 _c204309
_d204309